00900nam a2200193 a 450000100100000000500170001000800410002704000250006808200150009310000310010824502180013926000820035730000360043959000260047570000290050170000460053095201130057699900170068900004241420201002040135.0131128s1950 sp ac r 000 0 spa d aDO-SdBNPbspacBNPHU axxxxbxxxx1 aBlancafort, Rosario96953910a¡A misiones! :bdiario de las primeras misioneras, Carmelitas de la Caridad /cM. Rosario Blancafort, De S. Estanislao, C. de la C. ; prólogo del Rdo. P. Ignacio Ortiz de Urbina, S. J. ; Viñetas de J. Solá. aBarcelona, España :bInstituto de Hermanas Carmelitas de la Caridad,c1950. a272 p. :bil., retrs. ;c19 cm. aInventariado, 2019/BT12aEstanislao, De S.96954012aOrtiz de Urbina, Ignacio,epról.967443 001050718MOaGRbGRcHDd2013-11-28iLF1l0oxxxx xxxxp42414-10r2020-06-25w2020-06-25y1ZNo se presta c41903d41903